000 00494nam a2200169Ia 4500
999 _c26258
_d26258
003 OSt
005 20210104130722.0
008 190216s9999||||xx |||||||||||||| ||und||
040 _coclc
082 _a894.8121
_bKUR/M
100 _aKurup, G Sankara
_96935
245 0 _aMadhuram, Soumyam, Deeptam /
_cG Sankara Kurup
260 _bPoorna Publication,
_c1986.
_aKozhikode:
300 _a124p
650 _aKavithkal
942 _cBK
_2ddc
_h894.8121
_iKUR/M
_k894.8121
_mKUR/M